Normal view MARC view
  • Night Sky

Entry Topical Term

Number of records used in: 1

001 - CONTROL NUMBER

  • control field: 103599

003 - CONTROL NUMBER IDENTIFIER

  • control field: NUST

005 - DATE AND TIME OF LATEST TRANSACTION

  • control field: 20221125115901.0

008 - FIXED-LENGTH DATA ELEMENTS

  • fixed length control field: 221125|| aca||aabn | a|a d

040 ## - CATALOGING SOURCE

  • Original cataloging agency: NUST
  • Transcribing agency: NUST

150 ## - HEADING--TOPICAL TERM

  • Topical term or geographic name entry element: Night Sky

670 ## - SOURCE DATA FOUND

  • Source citation: Work cat.: (NUST)181362: Jones,Brian 103598, Discovery guide Night Sky / , 1990.
© 2023 Central Library, National University of Sciences and Technology. All Rights Reserved.